000 00444nam a2200157 a 4500
001 000015666
005 20230519124857.0
008 100217s1960 dr 001 0 spa d
040 _aDO-SdBNP
_bspa
_cBNPHU
040 _aDO-SdBNP
082 _axxxx
_bH519
100 1 _aHenríquez, Leonardo
_935318
245 1 0 _aCartilla Diplomática /
_cLeonardo Henríquez.
260 _aMéxico, D.F., :
_bVenecia,
_c1960.
300 _axxiii, 172 p. ;
_c17 cm.
999 _c15218
_d15218